000 00668nam a2200217Ia 4500
003 GCL
005 20240530103417.0
008 140319s9999 xx 000 0 ara d
040 _aGCL /
_cGCL
082 0 4 _a811.094
_bن ق
100 1 _aنازك الملائكة
245 1 0 _aقضايا الشعر المعاصر /
_cنازك الملائكة
250 _aط8
260 _aبيروت :
_bدار العلم للملايين ،
_c1992
300 _a360 ص ؛ 25 سم.
650 0 4 _aالادب العربى
650 0 4 _aالعصر الحديث
650 0 4 _aالشعر الحر
650 0 4 _aالادب العربى - تاريخ ونقد
942 _2ddc
_cBK
999 _c39163
_d39163